| 000 | 00761nam a22002657a 4500 | ||
|---|---|---|---|
| 005 | 20221019115251.0 | ||
| 008 | 221019b ||||| |||| 00| 0 eng d | ||
| 020 | _a817387123X | ||
| 040 | _cAL | ||
| 041 | _aeng | ||
| 082 |
_223 _a330.954 _bLAHS |
||
| 100 |
_aAshok K Lahiri...[et.al] _959968 |
||
| 245 |
_aSikkim: _bThe peoples vision |
||
| 260 |
_aGangtok _bGovernment of Sikkim _c2001 |
||
| 300 |
_a144p. _bHB _c29x22cm. |
||
| 365 | _2Economics | ||
| 650 |
_aRecent Trends and Emerging Issues _959969 |
||
| 650 |
_aFulfilling the Vision _959970 |
||
| 700 |
_aLAHIRI (Ashok K) _959971 |
||
| 700 |
_aCHATTOPAHYAY _959972 |
||
| 700 |
_aBHASIN (Anuradha) _959973 |
||
| 700 |
_aPREMCHAND (A) _959974 |
||
| 700 |
_aROY (Subir) _959975 |
||
| 942 |
_2ddc _cGF |
||
| 999 |
_c224887 _d224887 |
||